Science Quiz

Random Science or Astronomy Quiz

Solar System objects Quiz Stats

 Plays Quiz not verified by Sporcle

Score 0/15 Timer 02:00
0 Plays Today
% Correct
Planet X
94.1%
Mars
82.4%
Mercury
82.4%
Sun
82.4%
Comet
82.4%
Asteroid
76.5%
Jupiter
76.5%
Ceres
70.6%
% Correct
Venus
64.7%
Pluto
64.7%
Uranus
58.8%
Saturn
58.8%
Earth
47.1%
Neptune
47.1%
Moon
41.2%

You're not logged in!

Compare scores with friends on all Sporcle quizzes.
OR
Log In

Show Comments

Extras

Created Mar 19, 2019ReportNominate
Tags:Astronomy Quiz, Solar System

Top Quizzes Today


Score Distribution

Your Account Isn't Verified!

In order to create a playlist on Sporcle, you need to verify the email address you used during registration. Go to your Sporcle Settings to finish the process.

Report this User

Report this user for behavior that violates our Community Guidelines.

Details: